| 000 | 00425nam a22001457a 4500 | ||
|---|---|---|---|
| 020 | _a1560913908 | ||
| 040 | _cNust | ||
| 082 |
_a621.43 _bSTO'I |
||
| 100 |
_aRichard Stone _9126996 |
||
| 245 | _aIntroductions to internal combustion engine | ||
| 250 | _a2nd Edition | ||
| 260 |
_aUSA: _bSociety of Automotive engineers. Inc, _c1992. |
||
| 650 |
_aIntroductions to internal combustion engine _9126997 |
||
| 942 |
_2ddc _cBK |
||
| 999 |
_c612368 _d612368 |
||